[Event "SW N?rnberg S?d e.V. 3-SW N?rnberg S?d e"]
[Site "?"]
[Date "2012.10.07"]
[Round "6.4"]
[White "Billmann, Andreas"]
[Black "Konsek, Peter"]
[Result "0-1"]
[WhiteElo "1915"]
[BlackElo "1938"]
[PlyCount "51"]
[EventDate "2012.??.??"]
[WhiteTeam "SW N?rnberg S?d e.V. 3"]
[BlackTeam "SW N?rnberg S?d e.V. 2"]

1. d4 Nf6 2. Nf3 g6 3. c4 Bg7 4. Nc3 O-O 5. e4 d6 6. h3 e5 7. d5 a5 8. Bd3 Na6
9. Be3 Nd7 10. g4 Ndc5 11. Bc2 f5 12. gxf5 gxf5 13. Bg5 Qe8 14. Rg1 fxe4 15.
Bh6 Rf7 16. Nxe4 Nxe4 17. Bxe4 Kh8 18. Bxg7+ Rxg7 19. Rxg7 Kxg7 20. Qd2 Qh5 21.
O-O-O Bd7 22. Rg1+ Kh8 23. Rg5 Qxh3 24. Rg1 Rg8 25. Ng5 Qh5 26. Rh1 0-1

[Event "SW N?rnberg S?d e.V. 3-SW N?rnberg S?d e"]
[Site "?"]
[Date "2012.10.07"]
[Round "6.5"]
[White "Werner, Thomas"]
[Black "Stolpynskyy, Mark"]
[Result "0-1"]
[WhiteElo "1941"]
[BlackElo "1950"]
[PlyCount "98"]
[EventDate "2012.??.??"]
[WhiteTeam "SW N?rnberg S?d e.V. 2"]
[BlackTeam "SW N?rnberg S?d e.V. 3"]

1. d4 d5 2. c4 c6 3. cxd5 cxd5 4. Nc3 Nf6 5. Nf3 Nc6 6. Bf4 Bf5 7. e3 e6 8. Bb5
Nd7 9. O-O a6 10. Bd3 Bxd3 11. Qxd3 Be7 12. Rfc1 O-O 13. a3 Na5 14. Nd2 Rc8 15.
b4 Nc4 16. Na4 b5 17. Nc5 Bxc5 18. dxc5 Nde5 19. Bxe5 Nxe5 20. Qc3 Nc6 21. Nf3
Qc7 22. Nd4 Ra8 23. a4 Qb7 24. Nxc6 Qxc6 25. a5 Rad8 26. Ra2 Rfe8 27. Rd2 Rd7
28. Rcd1 Red8 29. f4 f5 30. Qe5 Kf7 31. g4 g6 32. g5 Kg8 33. h4 Re8 34. h5 gxh5
35. Rh2 d4 36. Rxd4 Rxd4 37. exd4 Qf3 38. Re2 h4 39. d5 Qg4+ 40. Kf1 h3 41. Qe3
h2 42. Rxh2 Qd1+ 43. Qe1 Qxd5 44. Qh4 Qd1+ 45. Kf2 Qd4+ 46. Kf1 Re7 47. g6 Rg7
48. gxh7+ Kh8 49. Qf2 Qd1+ 0-1

[Event "SW N?rnberg S?d e.V. 3-SW N?rnberg S?d e"]
[Site "?"]
[Date "2012.10.07"]
[Round "6.6"]
[White "Pidtoptanyy, Igor"]
[Black "Klein, Waldemar"]
[Result "1/2-1/2"]
[WhiteElo "1879"]
[BlackElo "1927"]
[PlyCount "86"]
[EventDate "2012.??.??"]
[WhiteTeam "SW N?rnberg S?d e.V. 3"]
[BlackTeam "SW N?rnberg S?d e.V. 2"]

1. e4 c6 2. d4 g6 3. Nf3 d5 4. exd5 cxd5 5. Bb5+ Bd7 6. Bxd7+ Qxd7 7. O-O Nc6
8. Bf4 Bg7 9. Re1 e6 10. Nc3 Nge7 11. Ne2 O-O 12. Ng3 b5 13. Qd2 Nc8 14. Bh6
Nd6 15. Bxg7 Kxg7 16. Qg5 Ne8 17. Ne5 Nxe5 18. Qxe5+ Kg8 19. Re3 Qc7 20. Rb3 a6
21. Qxc7 Nxc7 22. Rc3 Rfc8 23. a3 Ne8 24. Rxc8 Rxc8 25. c3 Nd6 26. Kf1 Nc4 27.
Ra2 h5 28. Ke1 Kg7 29. Nf1 g5 30. f3 a5 31. b3 Nb6 32. Kd2 a4 33. b4 f6 34. Kd3
Nc4 35. Nd2 Nd6 36. Ra1 e5 37. Re1 Re8 38. g3 g4 39. dxe5 fxe5 40. f4 Kf6 41.
fxe5+ Rxe5 42. Rxe5 Kxe5 43. Ke3 Nc4+ 1/2-1/2

[Event "SW N?rnberg S?d e.V. 3-SW N?rnberg S?d e"]
[Site "?"]
[Date "2012.10.07"]
[Round "6.7"]
[White "Diehl, Achim"]
[Black "Bruder, Heinz"]
[Result "1-0"]
[WhiteElo "1987"]
[BlackElo "1757"]
[PlyCount "59"]
[EventDate "2012.??.??"]
[WhiteTeam "SW N?rnberg S?d e.V. 2"]
[BlackTeam "SW N?rnberg S?d e.V. 3"]

1. e4 e5 2. Nf3 Nc6 3. c4 d6 4. h3 Be7 5. Nc3 f5 6. d3 Nf6 7. Nd5 Nxd5 8. cxd5
Nb8 9. Ng5 Bxg5 10. Qh5+ g6 11. Qxg5 Qxg5 12. Bxg5 O-O 13. Rc1 Rf7 14. h4 c5
15. h5 Nd7 16. hxg6 hxg6 17. f3 Nf6 18. Be2 Nh5 19. exf5 Bxf5 20. g4 Ng3 21.
Rh6 Nxe2 22. Kxe2 Bxd3+ 23. Kxd3 Rxf3+ 24. Ke2 Raf8 25. Be3 Rg3 26. Rch1 Rg2+
27. Kd3 e4+ 28. Kxe4 Rxg4+ 29. Kd3 Rf3 30. Rh8+ 1-0

[Event "SW N?rnberg S?d e.V. 3-SW N?rnberg S?d e"]
[Site "?"]
[Date "2012.10.07"]
[Round "6.8"]
[White "Krasotin, Valentin"]
[Black "Rhein, Thomas"]
[Result "1/2-1/2"]
[WhiteElo "1616"]
[BlackElo "1813"]
[PlyCount "35"]
[EventDate "2012.??.??"]
[WhiteTeam "SW N?rnberg S?d e.V. 3"]
[BlackTeam "SW N?rnberg S?d e.V. 2"]

1. e4 e5 2. Nf3 Nc6 3. Bc4 Nf6 4. d4 exd4 5. O-O Nxe4 6. Re1 d5 7. Bxd5 Qxd5 8.
Nc3 Qh5 9. Nxe4 Be6 10. Bg5 h6 11. Bf6 Qb5 12. Nxd4 Nxd4 13. Qxd4 Qb6 14. Bxg7
Bxg7 15. Qxg7 O-O-O 16. Rad1 Bf5 17. h3 Qc6 18. Qe5 1/2-1/2